000 01411nam a2200361Ia 4500
001 006560
008 221003s2002 xx 000 0 spa d
035 _aCENDO_10800
041 _aspa
_b
084 _aMU-00044-00022
110 _aESPAÑA.
_bGobierno
_93074
245 0 _aMemoria presentada por el Gobierno de España, de conformidad con las disposiciones del artículo 22 de la constitución de la Organización Internacional del Trabajo, correspondiente al periodo que termina el 1 de junio de 2002, acerca de las medidas adoptadas para dar efectividad a las disposiciones del Convenio núm. 103, sobre la protección de la maternidad (ratificado), 1952, cuya ratificación formal ha sido ratificada el 17 de agosto de 1965 /
_c[Gobierno de España]
260 _a[S.l. :
_bs.n.],
_c2002
300 _a25 h. ;
_c 30 cm
650 _aMUJERES
_9199
650 _aPRESTACIONES DE MATERNIDAD
_91419
650 _aLICENCIA DE MATERNIDAD
_94439
650 _aMATERNIDAD
_91669
650 _aLACTANCIA
_97051
650 _aESPAÑA
_99
650 _aCONVENIO DE LA OIT
_91136
650 _aLEGISLACION
_9111
650 _aINFORME DE ACTIVIDADES
_91981
710 _aOIT
_9384
710 _aORGANIZACION INTERNACIONAL DEL TRABAJO
_9383
901 _a2
903 _aNO
904 _a000
953 _d2002-11-20
_yDOCUMENTO
_oMU-00044-00022
999 _c10799
_d10799
910 _a2002
942 _cDOCUMENTO